Product data management systems for the bulk material handling in construction industry (Record no. 115564)
[ view plain ]
| 000 -LEADER | |
|---|---|
| fixed length control field | 01479cad a2200289 4500 |
| 001 - CONTROL NUMBER | |
| control field | L158881 |
| 008 - FIXED-LENGTH DATA ELEMENTS--GENERAL INFORMATION | |
| fixed length control field | 100215n2013 000 0 eng u |
| 020 ## - INTERNATIONAL STANDARD BOOK NUMBER | |
| International Standard Book Number | 9781783210305 |
| 035 ## - SYSTEM CONTROL NUMBER | |
| System control number | (Sirsi) u158881 |
| 041 ## - LANGUAGE CODE | |
| Language code of text/sound track or separate title | eng |
| 100 1# - MAIN ENTRY--PERSONAL NAME | |
| Personal name | Padma, Renjith Suresh |
| 111 2# - MAIN ENTRY--MEETING NAME | |
| Meeting name or jurisdiction name as entry element | Construction and Building Research Conference |
| Location of meeting | IIT Delhi, New Delhi |
| Date of meeting or treaty signing | 10-12 September 2013 |
| 245 00 - TITLE STATEMENT | |
| Title | Product data management systems for the bulk material handling in construction industry |
| Medium | [electronic resource] |
| 260 ## - PUBLICATION, DISTRIBUTION, ETC. | |
| Place of publication, distribution, etc. | London |
| Name of publisher, distributor, etc. | RICS |
| Date of publication, distribution, etc. | 2013 |
| 490 #0 - SERIES STATEMENT | |
| Series statement | COBRA |
| Volume/sequential designation | 2013 |
| 520 ## - SUMMARY, ETC. | |
| Summary, etc. | A paper presented at the COBRA Conference in New Delhi on 10-12 September 2013. Looks at the efficacy of Product Data Management (PDM) databases to help in design processes within the construction industry. A PDM system qualifies as a platform for integrating construction processes which are essentially multidisciplinary in nature. This involves identification of key requirements and characteristics of the PDM system for construction industry. The methodology involves the adaptation of a PDM system for a section of a Bulk Material Handling construction project. |
| 650 24 - SUBJECT ADDED ENTRY--TOPICAL TERM | |
| Topical term or geographic name entry element | CONSTRUCTION AND BUILDING RESEARCH CONFERENCE (COBRA) |
| 650 24 - SUBJECT ADDED ENTRY--TOPICAL TERM | |
| Topical term or geographic name entry element | DATA MANAGEMENT |
| 650 24 - SUBJECT ADDED ENTRY--TOPICAL TERM | |
| Topical term or geographic name entry element | MATERIALS MANAGEMENT |
| 650 24 - SUBJECT ADDED ENTRY--TOPICAL TERM | |
| Topical term or geographic name entry element | DESIGN PROCESS |
| 650 24 - SUBJECT ADDED ENTRY--TOPICAL TERM | |
| Topical term or geographic name entry element | DATA MANAGEMENT |
| 651 #4 - SUBJECT ADDED ENTRY--GEOGRAPHIC NAME | |
| Geographic name | United Kingdom |
| Chronological subdivision | |
| 690 ## - LOCAL SUBJECT ADDED ENTRY--TOPICAL TERM (OCLC, RLIN) | |
| Topical term or geographic name as entry element | BUILT ENVIRONMENT |
| 700 1# - ADDED ENTRY--PERSONAL NAME | |
| Personal name | Sawhney, Anil |
| 700 1# - ADDED ENTRY--PERSONAL NAME | |
| Personal name | Borrmann, Andre |
| 942 ## - ADDED ENTRY ELEMENTS (KOHA) | |
| Suppress in OPAC | 0 |
| Withdrawn status | Lost status | Source of classification or shelving scheme | Damaged status | Not for loan | Home library | Current library | Shelving location | Date acquired | Total Checkouts | Full call number | Barcode | Date last seen | Copy number | Price effective from | Koha item type |
|---|---|---|---|---|---|---|---|---|---|---|---|---|---|---|---|
| Dewey Decimal Classification | Virtual | Virtual | Online | 02/09/2015 | ONLINE PUBLICATION | 158881-2001 | 06/08/2019 | 1 | 06/08/2019 | Book |